000 00441 a2200205 4500
260 _bUniversal book traders
245 _aThe Supreme court
300 _a289 p.
260 _aNew Dehli
650 _ainstitutions judiciaires
260 _c1992
300 _b23 cm
100 _lEn
630 _aDroit, législation, administration
250 _a4e éd.
650 _aG
100 _aBAUM, Lawrence
999 _c37222
_d37222